000 01688nam a22002177a 4500
999 _c57007
_d57007
003 Ge_BSU
005 20191002151202.0
008 191002s2018 ge ||||| |||| 00| 0 geo d
020 _a9789941462870
041 _ageo
080 _a005.915+336.131 ბ-83
100 _aბოლქვაძე , ბესიკ
_91967
245 _aფინანსური მენეჯმენტი : კონცეპტუალური საფუძვლები ფუნქციონალური ქვესისტემები ანალიტიკური ინსტრუმენტები : Financial Managment:Concpetual Fundamentals Functional Subsystems Analytical Tools /
_cბესიკ ბოლქვაძე ; რედ : ნიკოლოზ ბაკაშვილი.
264 _aბათუმი :
_bბათუმის შოთა რუსთაველის სახელმწ. უნ-ტის გამ-ბა,
_c2018 .
300 _a739 გვ .:
_bცხრ.გვ : 725-728,
_c22 სმ.
501 _aფინანსური ტერმ.გვ:701-719; აბრევიატურული სიტ.შემოკ.გვ:720-724; 10ფინანსური აქსიომა,70 ფინანსური ინდექსი,100ფინანსური ამოცანა,500 ფინანსური ტერმინი(ქართულ-ინგლისური)
653 _aმენეჯმენტი
653 _aფინანსები
700 _aბაკაშვილი , ნიკოლოზ
_eრედაქტორი
_94439
942 _2udc
_cBK